01146nam a2200277 i 4500001001000000003000900010005001700019007000300036008004100039040003000080082001900110111008500129245013400214250001800348264007000366300002400436336002700460337003300487338002800520590002800548910000700576942001400583952011800597952013600715999001700851000039552DO-SdBNP20240118100056.0ta130708s1999 dr 000 0 spa d aDO-SdBNPbspacBNPHUerda 4bC766s 19992222 aConvención sobre los derecho del niñod(1989 : 20 novcSanto Domingo)96571910aConvención sobre los derechos del niño :baprobada por la Asamblea General de las Naciones Unidas el 20 de noviembre de 1989. a2a. edición aSanto Domingo :bAsamblea General de las Naciones Unidas.,c1999. a18 pagina ;c28 cm. 2rdacontentatextobtxt 2rdamediaasin mediaciónbn 2rdacarrieravolumenbnc aInventariado, 2024 / DG aDG 2ddccLBS1 00102ddc53708PDaBNPHUbBNPHUcHDd2013-07-08l0oBNPHU PD C766s 1999p39552-10r2020-06-25w2020-06-25yLBS1 00102ddc51708PDaBNPHUbBNPHUcCTd2024-01-18edonaciónl0oBNPHU PD C766s 1999p2024-0312r2024-01-18te.2w2024-01-18yLBS1 c39042d39042